000 00422nam a2200145Ia 4500
008 220217s9999||||xx |||||||||||||| ||und||
020 _a978-81-317-0309-0
082 _a621.3827 SEN
100 _aSenior, John, M
_92127
245 0 _aOptical fiber communications: principles and practice
250 _a2nd
260 _aPearson education of asia
_bNew delhi
_c2009
300 _b425
650 _aTELECOMMUNICATION
999 _c178361
_d178361